| 000 | 00817nam a2200241 i 4500 | ||
|---|---|---|---|
| 001 | 38646 | ||
| 003 | ES-MaACL | ||
| 005 | 20230906155808.0 | ||
| 007 | t| | ||
| 008 | 030226s1967 sp a |||| | spa d | ||
| 080 | _a821.411.21-31"07" | ||
| 130 | 0 |
_aCalila y Dimna. _9119651 |
|
| 245 | 1 | 3 |
_aEl libro de Calila e Dimna / _cedición crítica por John E. Keller y Robert White Linker. |
| 260 |
_aMadrid : _bConsejo Superior de Investigaciones Científicas, _c1967. |
||
| 300 |
_aXL, 374 p. : _bil. ; _c25 cm. |
||
| 490 | 1 | _aClásicos hispánicos | |
| 700 | 1 |
_aKeller, John E. _967768 |
|
| 700 | 1 |
_aLinker, Robert White. _972446 |
|
| 710 | 2 |
_aConsejo Superior de Investigaciones Científicas (España) _93236 |
|
| 830 | 0 |
_aClásicos hispánicos _9229022 |
|
| 852 |
_aES-MaACL _jC-32235 |
||
| 999 |
_c38646 _d38646 |
||